| 000 -LEADER |
| fixed length control field |
00696cam a22001457a 4500 |
| 040 ## - CATALOGING SOURCE |
| Transcribing agency |
DLC |
| 082 ## - DEWEY DECIMAL CLASSIFICATION NUMBER |
| Classification number |
711 UNI 2011 A088 Or. |
| 245 00 - TITLE STATEMENT |
| Title |
Supporting inclusive, sustainable, and resilient development |
| Remainder of title |
the United Nations Development Assistance Framework for the Philippines, 2012-2018. |
| 246 30 - VARYING FORM OF TITLE |
| Title proper/short title |
United Nations Development Assistance Framework for the Philippines, 2012-2018 |
| 260 ## - PUBLICATION, DISTRIBUTION, ETC. (IMPRINT) |
| Place of publication |
Makati City, Philippines : |
| Name of publisher |
United Nations System in the Philippines, |
| Year of publication |
c2011. |
| 300 ## - PHYSICAL DESCRIPTION |
| Number of Pages |
1 online resource (xii, 83 p.) : |
| Other physical details |
PDF |
| 710 2# - ADDED ENTRY--CORPORATE NAME |
| Corporate name or jurisdiction name as entry element |
United Nations System in the Philippines. |
| 856 40 - ELECTRONIC LOCATION AND ACCESS |
| Uniform Resource Identifier |
http://www.undp.org.ph/Downloads/knowledge_products/UnitedNations/UNDAF-FINAL-1.pdf |
| 942 ## - ADDED ENTRY ELEMENTS (KOHA) |
| Koha item type |
សៀវភៅភាសាអង់គ្លេស |
| 952 ## - LOCATION AND ITEM INFORMATION (KOHA) |
| Withdrawn status [LOCAL, KOHA] |
0 |